000 002690000a22001330004500
005 20120302055147.0
942 _cBOOK
100 _a Londhe,Ga.Paa.
245 _a Kathopanishada
300 _a78p.
040 _aSAN
650 _aUpnishada
650 _aKathopanishada
999 _c347650
_d347647